| 000 | 00764pam a2200241 i 4500 | ||
|---|---|---|---|
| 001 | 4106463 | ||
| 005 | 20170119100444.0 | ||
| 008 | 750307s1975 maua b 001 0 eng | ||
| 010 | _a 75006933 | ||
| 020 | _a0262131161 | ||
| 040 |
_aDLC _cDLC _dDLC |
||
| 050 | 0 | 0 |
_aTK2960 _b.M47 |
| 082 | 0 | 0 |
_a338.4762131213 _222 _bMER |
| 100 | 1 |
_aMerrigan, Joseph A. _96667 |
|
| 245 | 1 | 0 |
_aSunlight to electricity : _bprospects for solar energy conversion by photovoltaics / _cJoseph A. Merrigan. |
| 260 |
_aCambridge, Mass. : _bMIT Press, _c1975 |
||
| 300 |
_axi, 163 p. : _bill. ; _c23 cm. |
||
| 500 | _aIncludes index. | ||
| 504 | _aBibliography: p. [147]-159. | ||
| 650 | 0 |
_aSolar batteries. _96668 |
|
| 650 | 0 |
_96669 _aPhotovoltaic power generation |
|
| 942 |
_2ddc _cBB |
||
| 999 |
_c11956 _d11956 |
||